[Event "Robinson Cup 2017"]
[Site "Cardiff"]
[Date "2017.07.24"]
[Round "2.5"]
[White "Gupta, Utkarsh"]
[Black "Moracchini, Margaux"]
[Result "1/2-1/2"]
[WhiteElo "1637"]
[BlackElo "1673"]
[PlyCount "131"]
[EventDate "2017.07.24"]
[EventType "team-tourn"]
[EventCountry "WLS"]
[SourceDate "2017.07.26"]
[WhiteTeam "IRL A"]

1. e4 c5 2. Nf3 d6 3. d4 cxd4 4. Nxd4 Nf6 5. Nc3 g6 6. Be3 Bg7 7. f3 Nc6 8. Qd2
O-O 9. O-O-O Nxd4 10. Bxd4 Be6 11. g4 Qa5 12. Kb1 Rfc8 13. h3 Bc4 14. g5 Nh5
15. Bxg7 Nxg7 16. Bxc4 Rxc4 17. Nd5 Qxd2 18. Rxd2 Kf8 19. Rhd1 Ne6 20. h4 Rac8
21. b3 R4c5 22. f4 Nc7 23. Kb2 Nxd5 24. exd5 Rc3 25. h5 Rh3 26. hxg6 hxg6 27.
Rd3 Rh4 28. Rd4 Kg7 29. Re1 Rc7 30. Rde4 Kf8 31. R1e3 Rh2 32. Rc3 Rxc3 33. Kxc3
Ke8 34. b4 Rh3+ 35. Kb2 Kd7 36. Rc4 e6 37. dxe6+ fxe6 38. c3 Rd3 39. Kb3 d5 40.
Rd4 Rf3 41. Kb2 b5 42. Kc2 Kd6 43. Kb2 e5 44. fxe5+ Kxe5 45. Rh4 Rf7 46. Rh1 a6
47. Re1+ Kd6 48. Re2 Kd7 49. Rh2 Re7 50. Kc2 Kd6 51. Kd2 Re6 52. Kd3 Ke5 53.
Rf2 Rc6 54. Rf3 Rb6 55. Rf8 Rd6 56. Ke3 Re6 57. Kd3 Kd6 58. Rd8+ Kc6 59. Rf8
Kd6 60. Rd8+ Kc6 61. Rf8 Kd7 62. Rf7+ Ke8 63. Rf3 Kd7 64. Kd4 Kd6 65. Kd3 Ke5
66. Rf2 1/2-1/2

[Event "Robinson Cup 2017"]
[Site "Cardiff"]
[Date "2017.07.25"]
[Round "3.1"]
[White "Guha, Chirag"]
[Black "Melaugh, Gavin"]
[Result "1-0"]
[WhiteElo "1776"]
[BlackElo "1907"]
[PlyCount "137"]
[EventDate "2017.07.24"]
[EventType "team-tourn"]
[EventCountry "WLS"]
[SourceDate "2017.07.26"]

1. d4 Nf6 2. c4 e6 3. g3 Bb4+ 4. Bd2 Be7 5. Bg2 d5 6. Nf3 O-O 7. O-O c6 8. Nc3
Ne4 9. Qc2 Nxd2 10. Qxd2 dxc4 11. a4 Na6 12. Rfd1 f6 13. e4 Qa5 14. Qe2 Qb4 15.
d5 cxd5 16. exd5 e5 17. Nd2 Bd7 18. Nxc4 Rfc8 19. d6 Bf8 20. Bd5+ Kh8 21. Qh5
Be8 22. Qg4 Nc5 23. Ne4 Nxe4 24. Qxe4 Bg6 25. Qe2 Rd8 26. Be6 Bxd6 27. Rd5 Be7
28. Rb5 Bd3 29. Qe3 Bc5 30. Qxc5 Qxc5 31. Rxc5 Bxc4 32. Bxc4 Rac8 33. Rxc8 Rxc8
34. b3 Rd8 35. Rc1 h6 36. Kg2 Rd7 37. Rc3 e4 38. Re3 Rd4 39. Be6 g6 40. Rc3 Rd6
41. Bf7 f5 42. Rc5 a6 43. Re5 Rf6 44. Bc4 Rd6 45. Re6 Rd2 46. Kf1 Kg7 47. Ke1
Rd7 48. Ke2 g5 49. Re5 Kf6 50. Rc5 Kg7 51. Re5 Kf6 52. Rd5 Re7 53. Ke3 h5 54.
h4 Rg7 55. Be2 gxh4 56. gxh4 Rc7 57. Bc4 Rg7 58. Rd6+ Ke7 59. Rb6 Rg4 60. Rxb7+
Kd6 61. Rb6+ Kc5 62. Rf6 Kb4 63. Rxf5 Rxh4 64. Rf4 Rh2 65. Rxe4 a5 66. Kf3 h4
67. Re1 Kc3 68. Rg1 Rh3+ 69. Kg2 1-0

[Event "Robinson Cup 2017"]
[Site "Cardiff"]
[Date "2017.07.25"]
[Round "3.2"]
[White "Ruchko, Denis"]
[Black "Rathbone-Jones, Ifan"]
[Result "1-0"]
[WhiteElo "1774"]
[BlackElo "1599"]
[PlyCount "147"]
[EventDate "2017.07.24"]
[EventType "team-tourn"]
[EventCountry "WLS"]
[SourceDate "2017.07.26"]

1. d4 e6 2. c4 d5 3. Nc3 c6 4. Nf3 Nf6 5. Bg5 Nbd7 6. e3 Qb6 7. Qc2 Qc7 8. Rc1
Bb4 9. Nd2 h6 10. Bf4 Bd6 11. Bxd6 Qxd6 12. Bd3 e5 13. cxd5 Nxd5 14. Nc4 Qf6
15. Ne4 Qe7 16. Ned6+ Kf8 17. O-O Nb4 18. Qb3 Nxd3 19. Qxd3 b5 20. Nxc8 Rxc8
21. Nxe5 Nxe5 22. dxe5 Qxe5 23. Rfd1 Kg8 24. Qd7 Rc7 25. Qd6 Qe7 26. Rxc6 Qxd6
27. Rdxd6 Rb7 28. b4 Kh7 29. Kf1 Ra8 30. Ke2 a5 31. a3 axb4 32. axb4 Ra4 33.
Rd4 g5 34. h4 Kg7 35. Kf3 Ra2 36. hxg5 hxg5 37. Rc5 f6 38. Rdd5 g4+ 39. Kg3 Kg6
40. Rxb5 Rc7 41. Rbc5 Rb7 42. b5 Rb2 43. Rc6 R2xb5 44. Rxb5 Rxb5 45. Kxg4 Rb4+
46. Kf3 Kg5 47. Rc8 f5 48. Rd8 Rb7 49. Rd5 Rb4 50. Rd4 Rb7 51. Kg3 Rb6 52. Rf4
Re6 53. Ra4 Re7 54. f4+ Kh5 55. Kf3 Rb7 56. Ra5 Kg6 57. g4 fxg4+ 58. Kxg4 Re7
59. f5+ Kf6 60. Kf4 Kg7 61. e4 Rc7 62. Ra6 Rc4 63. Rd6 Kf7 64. Ke5 Ke7 65. f6+
Kf7 66. Rd7+ Ke8 67. Ra7 Rc5+ 68. Ke6 Rc6+ 69. Kf5 Kf8 70. e5 Kg8 71. Kg6 Rc8
72. e6 Kh8 73. Rh7+ Kg8 74. f7+ 1-0

[Event "Robinson Cup 2017"]
[Site "Cardiff"]
[Date "2017.07.25"]
[Round "3.5"]
[White "Jaberansari, Daniel"]
[Black "Gupta, Utkarsh"]
[Result "0-1"]
[WhiteElo "1387"]
[BlackElo "1637"]
[PlyCount "76"]
[EventDate "2017.07.24"]
[EventType "team-tourn"]
[EventCountry "WLS"]
[SourceDate "2017.07.26"]
[BlackTeam "IRL A"]

1. e4 e6 2. Nf3 d5 3. e5 c5 4. b4 cxb4 5. d4 Nc6 6. a3 bxa3 7. c3 Be7 8. Bd3
Qc7 9. Nxa3 a6 10. Nb5 Qb8 11. Na3 f6 12. Bf4 f5 13. O-O Bxa3 14. Rxa3 Nge7 15.
h3 O-O 16. Qc2 Qc7 17. Rfa1 Qd8 18. Be3 Qe8 19. Rb1 Qh5 20. c4 f4 21. Bd2 Kh8
22. cxd5 Nxd5 23. Bxa6 Nxd4 24. Nxd4 bxa6 25. Qc6 Ra7 26. Nxe6 Qg6 27. Rb8 Ne7
28. Qc5 Qxe6 29. Qxa7 Qxe5 30. Bb4 Nc6 31. Rxc8 Rxc8 32. Qxa6 Ne7 33. Bxe7 Rc1+
34. Kh2 f3+ 35. g3 Rh1+ 36. Kxh1 Qe1+ 37. Kh2 Qxf2+ 38. Kh1 Qg2# 0-1

[Event "Robinson Cup 2017"]
[Site "Cardiff"]
[Date "2017.07.25"]
[Round "3.1"]
[White "Salmons, Calum"]
[Black "Murphy, Adam"]
[Result "1-0"]
[WhiteElo "1745"]
[BlackElo "1526"]
[PlyCount "121"]
[EventDate "2017.07.24"]
[EventType "team-tourn"]
[EventCountry "WLS"]
[SourceDate "2017.07.26"]

1. e4 e6 2. Nf3 d5 3. e5 c5 4. b4 c4 5. a3 Bd7 6. d3 cxd3 7. cxd3 a5 8. Bg5 Qc7
9. bxa5 Qxa5+ 10. Bd2 Qc7 11. d4 Nc6 12. Nc3 Na5 13. Nb5 Bxb5 14. Bxb5+ Nc6 15.
O-O Nge7 16. Qc2 Nc8 17. Rfc1 N8a7 18. Qa4 Qc8 19. Rab1 Nxb5 20. Qxb5 Bxa3 21.
Rc3 Ra7 22. Ra1 Qa8 23. Qb6 Bc5 24. Rxa7 Qxa7 25. Qxc5 Qxc5 26. Rxc5 Kd7 27.
Rb5 Kc7 28. Ba5+ Nxa5 29. Rxa5 Kb6 30. Ra2 Rc8 31. Rb2+ Ka6 32. Kf1 b5 33. Ke2
Ka5 34. Nd2 b4 35. Nb3+ Kb5 36. Nc5 Rc7 37. Kd3 g6 38. Kc2 h5 39. Kb3 Ra7 40.
Kc2 Rc7 41. Kd3 Ra7 42. g3 Rc7 43. Rxb4+ Kxb4 44. Na6+ Kb3 45. Nxc7 Kb2 46. Nb5
Kc1 47. Nd6 Kd1 48. Nxf7 Ke1 49. Ke3 Kf1 50. Ng5 Kg2 51. h4 Kh2 52. Nxe6 Kh3
53. Ng7 Kg4 54. e6 g5 55. e7 Kh3 56. e8=Q g4 57. Ne6 Kg2 58. Qb5 Kh2 59. Nf4
Kh1 60. Qf1+ Kh2 61. Qg2# 1-0

[Event "Robinson Cup 2017"]
[Site "Cardiff"]
[Date "2017.07.25"]
[Round "3.2"]
[White "Hunter, Sean"]
[Black "Howell, Oliver W"]
[Result "1-0"]
[WhiteElo "1562"]
[BlackElo "1701"]
[PlyCount "95"]
[EventDate "2017.07.24"]
[EventType "team-tourn"]
[EventCountry "WLS"]
[SourceDate "2017.07.26"]
[BlackTeam "ENG"]

1. e4 e6 2. d4 d5 3. exd5 exd5 4. Bd3 Bd6 5. Qf3 Ne7 6. Ne2 Nbc6 7. c3 Be6 8.
Bf4 Qd7 9. h3 O-O-O 10. Nd2 Bxf4 11. Nxf4 Bf5 12. O-O-O Ng6 13. Bxf5 Qxf5 14.
Nxg6 Qxg6 15. Rhe1 Rd7 16. Re3 Nd8 17. Rde1 Ne6 18. Qg3 Qxg3 19. Rxg3 Re7 20.
Rxg7 Kd7 21. Rg3 Rhe8 22. Rf3 Ng5 23. Rxe7+ Rxe7 24. Rf5 Re1+ 25. Kc2 h6 26. h4
Ke6 27. g4 Ne4 28. Re5+ Kf6 29. f3 Rh1 30. fxe4 Rxh4 31. Rxd5 Rxg4 32. Rf5+ Kg6
33. Rf2 h5 34. Kd3 h4 35. Ke2 h3 36. Kf3 Kh5 37. Rh2 Kh4 38. Kf2 Rf4+ 39. Ke3
Rg4 40. Kf3 Rg3+ 41. Kf2 Kg4 42. e5 Rd3 43. Nf1 Rf3+ 44. Kg1 Rd3 45. Rf2 Rd1
46. Kh2 Ra1 47. Rxf7 Rxa2 48. Rf2 1-0

[Event "Robinson Cup 2017"]
[Site "Cardiff"]
[Date "2017.07.25"]
[Round "3.4"]
[White "Fitzgerald, Niall"]
[Black "Atara, Omeet J"]
[Result "0-1"]
[WhiteElo "1518"]
[BlackElo "1616"]
[PlyCount "78"]
[EventDate "2017.07.24"]
[EventType "team-tourn"]
[EventCountry "WLS"]
[SourceDate "2017.07.26"]
[WhiteTeam "IRL B"]
[BlackTeam "ENG A"]

1. e4 d5 2. exd5 Qxd5 3. Nc3 Qa5 4. d4 c6 5. Nf3 Bf5 6. Nh4 Bg6 7. Bf4 Bh5 8.
g4 g5 9. Bd2 gxh4 10. gxh5 Nf6 11. Ne4 Qf5 12. Nc5 Ne4 13. Be3 Nxc5 14. dxc5
Nd7 15. Qd4 Rg8 16. O-O-O Bg7 17. Rg1 Bxd4 18. Rxg8+ Nf8 19. Bh6 Bxb2+ 20. Kb1
e5 21. Rxf8+ Ke7 22. Rxa8 Qxh5 23. Bf8+ Ke6 24. Rd6+ Kf5 25. Bd3+ e4 26. Bxe4+
Kxe4 27. Re8+ Be5 28. Bg7 f6 29. Ree6 Kf5 30. Rxe5+ fxe5 31. a3 Qe2 32. Rf6+
Ke4 33. f3+ Ke3 34. Re6 Qd1+ 35. Kb2 Qd4+ 36. Kb1 Kxf3 37. Bxe5 Qxc5 38. Bb2
Qg1+ 39. Ka2 Qg8 0-1

[Event "Robinson Cup 2017"]
[Site "Cardiff"]
[Date "2017.07.25"]
[Round "3.5"]
[White "Jaufarally, Nadia"]
[Black "Phelan, Leo"]
[Result "1-0"]
[WhiteElo "1657"]
[BlackElo "1572"]
[PlyCount "111"]
[EventDate "2017.07.24"]
[EventType "team-tourn"]
[EventCountry "WLS"]
[SourceDate "2017.07.26"]

1. d4 Nf6 2. Bf4 g6 3. e3 Bg7 4. Be2 O-O 5. Nf3 c5 6. c3 Qb6 7. Qb3 d6 8. Nbd2
Be6 9. Qc2 Nc6 10. Ng5 Bd7 11. O-O h6 12. Nge4 cxd4 13. Nxf6+ Bxf6 14. exd4 Bg7
15. Bc4 Bf5 16. Qb3 Qc7 17. Rfe1 Na5 18. Qb4 Nxc4 19. Qxc4 Qxc4 20. Nxc4 Be6
21. Na5 Rfc8 22. Re2 b6 23. Nb3 g5 24. Bg3 Bf6 25. Nd2 d5 26. Rae1 a5 27. Nf3
Ra7 28. h3 b5 29. Ne5 Rb7 30. Nd3 Bf5 31. Nc5 Ra7 32. Be5 Bxe5 33. Rxe5 e6 34.
g4 Bg6 35. h4 gxh4 36. f4 b4 37. f5 exf5 38. gxf5 Bh5 39. Rxd5 Kh7 40. Kh2 Bf3
41. Rde5 Rg8 42. f6 Rg2+ 43. Kh3 Rxb2 44. Rg1 h5 45. Rg7+ Kh6 46. Re8 Bg4+ 47.
Kxh4 Rh2+ 48. Kg3 Rh3+ 49. Kg2 Ra8 50. Rxa8 Bf3+ 51. Kxh3 Bxa8 52. c4 Bf3 53.
d5 Bd1 54. d6 a4 55. d7 b3 56. d8=Q 1-0

[Event "Robinson Cup 2017"]
[Site "Cardiff"]
[Date "2017.07.25"]
[Round "3.6"]
[White "Hunter, Eoin"]
[Black "Rahulan, Thivyaa"]
[Result "1/2-1/2"]
[WhiteElo "1469"]
[BlackElo "1623"]
[PlyCount "106"]
[EventDate "2017.07.24"]
[EventType "team-tourn"]
[EventCountry "WLS"]
[SourceDate "2017.07.26"]

1. e4 c5 2. Nf3 d6 3. Bc4 Nc6 4. c3 Nf6 5. d3 g6 6. O-O Bg7 7. Re1 Bg4 8. Nbd2
O-O 9. h3 Bd7 10. Bb3 Qc7 11. Nf1 e6 12. Bf4 e5 13. Bh2 h6 14. Rc1 b5 15. d4 c4
16. Bc2 Nh5 17. Qd2 f5 18. dxe5 Nxe5 19. Nxe5 dxe5 20. Ne3 f4 21. Nf1 Be6 22.
Rcd1 Rad8 23. Qe2 Nf6 24. Nd2 g5 25. Kh1 Kh8 26. f3 Rf7 27. Bg1 Bf8 28. Nf1
Rfd7 29. Rxd7 Rxd7 30. Rd1 Bc5 31. Rxd7 Bxd7 32. Bxc5 Qxc5 33. Qd2 Kg7 34. Nh2
h5 35. Bd1 Qc6 36. Be2 Be6 37. Qd1 Qd7 38. Kg1 Qxd1+ 39. Bxd1 Nd7 40. Kf2 Nc5
41. Bc2 a5 42. Ke1 b4 43. Kd2 b3 44. axb3 cxb3 45. Bd3 Kf6 46. Nf1 Ke7 47. Bb5
g4 48. hxg4 hxg4 49. Ke2 gxf3+ 50. gxf3 Bd7 51. Bxd7 Kxd7 52. Kd2 Kd6 53. Nh2
a4 1/2-1/2

[Event "Robinson Cup 2017"]
[Site "Cardiff"]
[Date "2017.07.25"]
[Round "3.1"]
[White "Rachid, Alexandre"]
[Black "Sanger, Jake M"]
[Result "0-1"]
[WhiteElo "2044"]
[BlackElo "1794"]
[PlyCount "50"]
[EventDate "2017.07.24"]
[EventType "team-tourn"]
[EventCountry "WLS"]
[SourceDate "2017.07.26"]

1. e4 e6 2. d4 d5 3. Nc3 Nf6 4. e5 Nfd7 5. f4 c5 6. Nf3 Nc6 7. Be3 a6 8. Qd2 b5
9. a3 Be7 10. Be2 Rb8 11. O-O Qb6 12. b3 cxd4 13. Nxd4 Nxd4 14. Bxd4 Qxd4+ 15.
Qxd4 Bc5 16. Rad1 Bxd4+ 17. Rxd4 Bb7 18. a4 Rc8 19. Rf3 bxa4 20. Rxa4 d4 21.
Bxa6 Bxa6 22. Rxa6 dxc3 23. Rxc3 Rxc3 24. Ra8+ Ke7 25. Rxh8 Nf8 0-1

[Event "Robinson Cup 2017"]
[Site "Cardiff"]
[Date "2017.07.25"]
[Round "3.2"]
[White "Volland, Ben"]
[Black "Bassini, Emile"]
[Result "0-1"]
[WhiteElo "1723"]
[BlackElo "2028"]
[Annotator ",jthornton126@btinter"]
[PlyCount "60"]
[EventDate "2017.07.24"]
[EventType "team-tourn"]
[EventCountry "WLS"]
[SourceDate "2017.07.26"]
[BlackTeam "FRA"]

1. c4 c5 2. g3 g6 3. Bg2 Bg7 4. Nc3 Nc6 5. d3 d6 6. e4 e5 7. Bd2 Nge7 8. Nge2
O-O 9. O-O Be6 10. Nd5 f5 11. Nec3 Qd7 12. f4 h6 13. Nxe7+ Qxe7 14. Nd5 Qd7 15.
Bc3 Nd4 16. Bxd4 cxd4 17. a4 Rae8 18. b4 Bxd5 19. cxd5 exf4 20. Rxf4 Be5 21.
Rf1 f4 22. g4 Qe7 23. Bf3 Kh8 24. Kh1 Rg8 25. Bg2 Qh4 26. Qf3 Rc8 27. Rac1 Rc3
28. Rfd1 Rgc8 29. Rb1 Rc2 30. h3 Rf2 0-1

[Event "Robinson Cup 2017"]
[Site "Cardiff"]
[Date "2017.07.25"]
[Round "3.3"]
[White "Motoyama, Enzo-Ryadh"]
[Black "D'Alessio, Marco"]
[Result "1/2-1/2"]
[WhiteElo "1974"]
[BlackElo "1562"]
[PlyCount "101"]
[EventDate "2017.07.24"]
[EventType "team-tourn"]
[EventCountry "WLS"]
[SourceDate "2017.07.26"]

1. e4 e5 2. Nf3 Nc6 3. Bb5 a6 4. Ba4 Nf6 5. d3 b5 6. Bb3 Be7 7. O-O O-O 8. Re1
d6 9. c3 Na5 10. Bc2 c5 11. Nbd2 Be6 12. Nf1 Qb6 13. h3 Rfb8 14. Be3 b4 15. d4
Nc4 16. Bc1 bxc3 17. bxc3 Qa5 18. Qd3 d5 19. exd5 e4 20. Qxc4 Bxd5 21. Qa4 Qxc3
22. Bd2 Qc4 23. Qxc4 Bxc4 24. Bxe4 Nxe4 25. Rxe4 Bf6 26. Rc1 Bd5 27. Rf4 cxd4
28. Nxd4 Bxa2 29. Nc6 Rb2 30. Ra4 Bd5 31. Nb4 Bb7 32. Rc7 Bc8 33. Nd5 Be6 34.
Nxf6+ gxf6 35. Rc6 Bd7 36. Rcxa6 Rxa6 37. Rxa6 Rb1 38. Bh6 Rxf1+ 39. Kxf1 Bb5+
40. Ke1 Bxa6 41. h4 f5 42. Kd2 f6 43. Ke3 Kf7 44. Kf4 Kg6 45. Bf8 Bc8 46. f3
Bd7 47. g3 Bc8 48. Ba3 Bd7 49. Bf8 Bc8 50. Bc5 Bd7 51. Bf8 1/2-1/2

[Event "Robinson Cup 2017"]
[Site "Cardiff"]
[Date "2017.07.25"]
[Round "3.4"]
[White "McKay, Jonathan"]
[Black "Randrianarimanana, Alicia"]
[Result "0-1"]
[WhiteElo "1406"]
[BlackElo "1752"]
[PlyCount "126"]
[EventDate "2017.07.24"]
[EventType "team-tourn"]
[EventCountry "WLS"]
[SourceDate "2017.07.26"]

1. d4 Nf6 2. c4 g6 3. Nc3 Bg7 4. e4 O-O 5. Be2 d6 6. Bg5 Nbd7 7. Qd2 e5 8. d5
a6 9. Nf3 Qe8 10. Bh6 Nc5 11. Bxg7 Kxg7 12. Qe3 Ng4 13. Qd2 Nf6 14. Qc2 Bg4 15.
b4 Bxf3 16. Bxf3 Ncd7 17. h4 h5 18. O-O Qd8 19. g3 Ng8 20. Na4 b6 21. c5 dxc5
22. bxc5 b5 23. Nb2 Qe7 24. Rac1 Nh6 25. Qc3 Nf6 26. Nd3 Rfe8 27. Nb4 Nfg4 28.
Rfd1 Qf6 29. d6 Qd8 30. d7 Re6 31. c6 Ng8 32. Rd5 f6 33. Nc2 N4h6 34. Na1 Rb8
35. Nb3 Ne7 36. Rc5 Nf7 37. Na5 Nd6 38. Qb3 Kf7 39. Bg2 Qh8 40. Bh3 f5 41. Re1
Kf6 42. Rd5 Nxd5 43. Qxd5 Qg8 44. exf5 gxf5 45. Bxf5 Kxf5 46. Nb3 Kf6 47. Nc5
Re7 48. Qf3+ Kg6 49. Qd3+ Kh6 50. Qe3+ Kh7 51. Qd3+ Qg6 52. Ne4 Nf7 53. Ng5+
Nxg5 54. d8=Q Nf3+ 55. Kf1 Rxd8 56. Qxd8 Rf7 57. Rd1 Qxc6 58. Qd3+ Qg6 59. Qd8
Nd4 60. Kg2 Qe4+ 61. Kg1 Ne2+ 62. Kh2 Rxf2+ 63. Kh3 Qg4# 0-1

[Event "Robinson Cup 2017"]
[Site "Cardiff"]
[Date "2017.07.25"]
[Round "4.1"]
[White "Murphy, Adam"]
[Black "Rachid, Alexandre"]
[Result "1-0"]
[WhiteElo "1526"]
[BlackElo "2044"]
[PlyCount "49"]
[EventDate "2017.07.24"]
[EventType "team-tourn"]
[EventCountry "WLS"]
[SourceDate "2017.07.26"]

1. d4 Nf6 2. Nf3 e6 3. e3 b6 4. Bd3 Bb7 5. O-O d5 6. b3 Bd6 7. c4 Ne4 8. Bb2
Nd7 9. Nc3 f5 10. Bc2 O-O 11. Nxe4 fxe4 12. Ne5 Bxe5 13. dxe5 Qh4 14. f4 exf3
15. Rxf3 dxc4 16. Rg3 Rad8 17. Qe2 h6 18. bxc4 Nc5 19. Rg4 Qe7 20. Rf4 Rd7 21.
Raf1 Rfd8 22. Bd4 Bc6 23. Qg4 Qg5 24. Bxc5 Qxg4 25. Rf8+ 1-0

[Event "Robinson Cup 2017"]
[Site "Cardiff"]
[Date "2017.07.25"]
[Round "4.2"]
[White "Bassini, Emile"]
[Black "Hunter, Sean"]
[Result "1-0"]
[WhiteElo "2028"]
[BlackElo "1562"]
[PlyCount "51"]
[EventDate "2017.07.24"]
[EventType "team-tourn"]
[EventCountry "WLS"]
[SourceDate "2017.07.26"]
[WhiteTeam "FRA"]

1. e4 e5 2. d4 exd4 3. c3 dxc3 4. Bc4 cxb2 5. Bxb2 d5 6. exd5 Nf6 7. Nf3 Be7 8.
O-O O-O 9. Nc3 Nbd7 10. Re1 b6 11. Qc2 Bb7 12. Rad1 Re8 13. d6 Bxd6 14. Bxf7+
Kxf7 15. Ng5+ Kf8 16. Qb3 Nd5 17. Rxe8+ Qxe8 18. Nxd5 Qh5 19. Nf4 Bxf4 20. Ne6+
Ke7 21. Nxf4 Qh6 22. Re1+ Kf8 23. Ne6+ Ke8 24. Ng5+ Kd8 25. Nf7+ Kc8 26. Re8#
1-0

[Event "Robinson Cup 2017"]
[Site "Cardiff"]
[Date "2017.07.25"]
[Round "4.4"]
[White "Randrianarimanana, Alicia"]
[Black "Fitzgerald, Niall"]
[Result "1-0"]
[WhiteElo "1752"]
[BlackElo "1518"]
[PlyCount "79"]
[EventDate "2017.07.24"]
[EventType "team-tourn"]
[EventCountry "WLS"]
[SourceDate "2017.07.26"]
[BlackTeam "IRL B"]

1. d4 Nf6 2. Nf3 c5 3. e3 e6 4. Bd3 d5 5. b3 Nc6 6. Bb2 b6 7. Nbd2 Bb7 8. a3
Bd6 9. O-O a6 10. c4 Rc8 11. Qe2 Ne7 12. Rac1 O-O 13. dxc5 Bxc5 14. cxd5 Nfxd5
15. b4 Bd6 16. Bxa6 Bxa6 17. Qxa6 Qd7 18. Rfd1 f5 19. Qe2 h6 20. Nc4 Ng6 21.
Qd2 Rfd8 22. g3 Bb8 23. Nxb6 Nxb6 24. Qxd7 Rxd7 25. Rxc8+ Nxc8 26. Rxd7 Nge7
27. b5 Kf7 28. a4 Ke8 29. Rb7 Bd6 30. Bxg7 h5 31. a5 Bc5 32. Rc7 Bd6 33. Rc2
Na7 34. b6 Nac6 35. a6 Bb8 36. Bd4 Kd7 37. Bf6 Na7 38. bxa7 Bxa7 39. Bxe7 Kxe7
40. Rc7+ 1-0

[Event "Robinson Cup 2017"]
[Site "Cardiff"]
[Date "2017.07.25"]
[Round "4.5"]
[White "Phelan, Leo"]
[Black "Moracchini, Margaux"]
[Result "0-1"]
[WhiteElo "1572"]
[BlackElo "1673"]
[PlyCount "120"]
[EventDate "2017.07.24"]
[EventType "team-tourn"]
[EventCountry "WLS"]
[SourceDate "2017.07.26"]

1. e4 c5 2. Nc3 Nc6 3. f4 e6 4. Nf3 g6 5. Bb5 Nge7 6. O-O Bg7 7. Qe1 a6 8. Bxc6
Nxc6 9. d3 O-O 10. Qg3 d5 11. e5 b5 12. Bd2 Ne7 13. Qh3 Bb7 14. g4 Qd7 15. g5
Rfc8 16. Nd1 d4 17. Nf2 Bxf3 18. Qxf3 Qd5 19. Qh3 Qd8 20. Ng4 Nf5 21. Nf6+ Bxf6
22. gxf6 Qd5 23. a4 c4 24. Rfc1 c3 25. bxc3 dxc3 26. Be3 b4 27. Rcb1 a5 28. Rb3
Rc6 29. Kf2 Rac8 30. Rg1 h6 31. Qf3 Qxf3+ 32. Kxf3 Rd8 33. Bf2 Rd5 34. Re1 Kh7
35. h4 g5 36. hxg5 hxg5 37. Re4 Rc8 38. fxg5 Kg6 39. Rb1 Rh8 40. Rbe1 Rc8 41.
Rb1 Rh8 42. Rbe1 Rh3+ 43. Kg2 Rh5 44. Rg4 Rxg5 45. Rxg5+ Kxg5 46. Be3+ Nxe3+
47. Rxe3 Kf4 48. Kf2 Rxe5 49. Rf3+ Kg5 50. d4 Rf5 51. Kg2 Rxf3 52. Kxf3 Kxf6
53. Ke2 Kf5 54. Kd3 Kf4 55. Ke2 Ke4 56. Kd1 Kxd4 57. Kc1 f5 58. Kd1 f4 59. Ke2
f3+ 60. Kxf3 b3 0-1

[Event "Robinson Cup 2017"]
[Site "Cardiff"]
[Date "2017.07.25"]
[Round "4.6"]
[White "Chemla, Anouk"]
[Black "Hunter, Eoin"]
[Result "1-0"]
[WhiteElo "1642"]
[BlackElo "1469"]
[PlyCount "155"]
[EventDate "2017.07.24"]
[EventType "team-tourn"]
[EventCountry "WLS"]
[SourceDate "2017.07.26"]

1. Nf3 Nf6 2. g3 b6 3. Bg2 Bb7 4. O-O e6 5. d4 d5 6. c4 Nbd7 7. Nbd2 g6 8. b3
Rc8 9. Bb2 Bg7 10. Rc1 c5 11. e3 O-O 12. Qe2 Ne8 13. Rfd1 Qe7 14. Rc2 Nd6 15.
dxc5 bxc5 16. Bxg7 Kxg7 17. Qd3 Qf6 18. Qc3 Qxc3 19. Rxc3 Nb6 20. Rdc1 dxc4 21.
bxc4 Rfd8 22. Ra3 Ra8 23. Ra5 Rdc8 24. Kf1 Rc7 25. Ke2 Rd8 26. Rc3 Kf8 27. Ne1
Bxg2 28. Nxg2 Ke7 29. Nf4 Rdd7 30. Nd3 Rc8 31. Ne5 Rdc7 32. f4 f6 33. Nd3 Kf7
34. e4 Ke7 35. Ke3 Kf7 36. g4 Ke7 37. e5 Nf7 38. exf6+ Kxf6 39. Ne4+ Ke7 40.
Rxc5 Rxc5 41. Ndxc5 Nd6 42. Kd3 Nd7 43. Nxd7 Kxd7 44. Nxd6 Kxd6 45. Kd4 Rb8 46.
Rb3 Rf8 47. Ke4 Kc5 48. Rb7 a5 49. Rb5+ Kxc4 50. Rxa5 Rf7 51. Ra6 Re7 52. Ke5
Kb5 53. Rxe6 Ra7 54. Kf6 Rxa2 55. h4 Rg2 56. Re5+ Kc4 57. Rg5 Kd4 58. f5 Rh2
59. h5 gxh5 60. Rxh5 Rg2 61. Kg5 Ke5 62. Rxh7 Kd6 63. Rh4 Ke7 64. Kg6 Ra2 65.
Rh7+ Kf8 66. f6 Ke8 67. f7+ Kd7 68. f8=Q+ Kc6 69. Qe8+ Kb6 70. Qb8+ Kc5 71.
Rc7+ Kd4 72. Qd8+ Ke3 73. Re7+ Kf2 74. Qf8+ Kg2 75. Qf7 Kh2 76. Qxa2+ Kh3 77.
Re3+ Kxg4 78. Qa4# 1-0

[Event "Robinson Cup 2017"]
[Site "Cardiff"]
[Date "2017.07.25"]
[Round "4.1"]
[White "Melaugh, Gavin"]
[Black "Sanger, Jake M"]
[Result "1-0"]
[WhiteElo "1907"]
[BlackElo "1794"]
[PlyCount "67"]
[EventDate "2017.07.24"]
[EventType "team-tourn"]
[EventCountry "WLS"]
[SourceDate "2017.07.26"]

1. e4 e6 2. d4 d5 3. Nd2 Nf6 4. e5 Nfd7 5. Bd3 c5 6. c3 Nc6 7. Ne2 cxd4 8. cxd4
f6 9. Nf4 Nxd4 10. Qh5+ Ke7 11. exf6+ Nxf6 12. Ng6+ hxg6 13. Qxh8 Kf7 14. Qh4
e5 15. Nf3 Bb4+ 16. Kf1 Nxf3 17. gxf3 Bd6 18. Rg1 e4 19. fxe4 dxe4 20. Bxe4
Nxe4 21. Qxe4 Bh3+ 22. Ke2 Qe7 23. Qxe7+ Bxe7 24. Be3 Bf6 25. Rac1 Be5 26. f4
Bd6 27. Kf3 Bf5 28. Rgd1 Ke6 29. Bc5 Bxc5 30. Rxc5 Rh8 31. Rd2 Rh3+ 32. Kg2 Rh4
33. Rd4 g5 34. Re5+ 1-0

[Event "Robinson Cup 2017"]
[Site "Cardiff"]
[Date "2017.07.25"]
[Round "4.2"]
[White "Volland, Ben"]
[Black "Ruchko, Denis"]
[Result "1-0"]
[WhiteElo "1723"]
[BlackElo "1774"]
[PlyCount "59"]
[EventDate "2017.07.24"]
[EventType "team-tourn"]
[EventCountry "WLS"]
[SourceDate "2017.07.26"]

1. c4 c6 2. g3 d5 3. Bg2 e6 4. Nf3 Nf6 5. O-O Nbd7 6. Qc2 Bd6 7. d4 O-O 8. Nc3
Qe7 9. e4 dxe4 10. Nxe4 Nxe4 11. Qxe4 c5 12. Rd1 Nf6 13. Qh4 Qc7 14. Bg5 Nd7
15. Be7 Re8 16. Ng5 h6 17. Bxd6 Qxd6 18. Ne4 Qb6 19. dxc5 Nxc5 20. Nxc5 Qxc5
21. Rd8 Rxd8 22. Qxd8+ Kh7 23. Qd3+ g6 24. Rd1 Qc7 25. b3 e5 26. Qd8 Qxd8 27.
Rxd8 Rb8 28. Bd5 Kg7 29. c5 f5 30. Be6 1-0

[Event "Robinson Cup 2017"]
[Site "Cardiff"]
[Date "2017.07.25"]
[Round "4.3"]
[White "Remenyik, David"]
[Black "D'Alessio, Marco"]
[Result "1-0"]
[WhiteElo "1737"]
[BlackElo "1562"]
[PlyCount "79"]
[EventDate "2017.07.24"]
[EventType "team-tourn"]
[EventCountry "WLS"]
[SourceDate "2017.07.26"]

1. d4 d5 2. c4 c6 3. cxd5 cxd5 4. Nc3 Nf6 5. Nf3 Nc6 6. Bg5 e6 7. e3 Be7 8. Bd3
O-O 9. O-O a6 10. a3 b5 11. b4 Bb7 12. Rc1 Nd7 13. Bxe7 Qxe7 14. Qb3 Nb6 15.
Rfe1 f5 16. Nd2 Qg5 17. Nf3 Qg4 18. a4 bxa4 19. Nxa4 Nxa4 20. Qxa4 Rf6 21. Be2
Qg6 22. Rxc6 Bxc6 23. Qxc6 Rb8 24. Qc5 Qe8 25. Bxa6 g5 26. Nxg5 Qh5 27. Nh3 Kh8
28. Qd6 Rg8 29. Qe5 Qg6 30. Nf4 Qg7 31. b5 h5 32. Rc1 h4 33. h3 Kh7 34. Rc7 Rf7
35. b6 Re7 36. Qxg7+ Rgxg7 37. Rxe7 Rxe7 38. b7 Re8 39. Nd3 Kg7 40. Ne5 1-0

[Event "Robinson Cup 2017"]
[Site "Cardiff"]
[Date "2017.07.25"]
[Round "4.4"]
[White "McKay, Jonathan"]
[Black "Naughton, James"]
[Result "1/2-1/2"]
[WhiteElo "1406"]
[BlackElo "1783"]
[PlyCount "52"]
[EventDate "2017.07.24"]
[EventType "team-tourn"]
[EventCountry "WLS"]
[SourceDate "2017.07.26"]

1. d4 d5 2. c4 c6 3. Nc3 Nf6 4. e3 e6 5. Nf3 Nbd7 6. Bd3 dxc4 7. Bxc4 Nb6 8.
Bd3 c5 9. dxc5 Bxc5 10. O-O O-O 11. b3 Nbd5 12. Nxd5 Nxd5 13. Bxh7+ Kxh7 14.
Qc2+ Kg8 15. Qxc5 b6 16. Qd4 Ba6 17. Bb2 Nf6 18. Rfe1 Qxd4 19. Nxd4 Rac8 20.
Rac1 Ne4 21. Rc6 Bb7 22. Rcc1 Ba6 23. Nc6 Rc7 24. Red1 Nc5 25. Ne5 Rfc8 26. Rc3
Ne4 1/2-1/2